| 000 | 01119cam a22002531i 4500 | ||
|---|---|---|---|
| 003 | SA-RiAUC | ||
| 005 | 20260113135854.0 | ||
| 008 | 260104s1889 ||| g 000 0 ara c | ||
| 040 |
_aEG-CaDAJ _bara _cSA-RiAUC _erda |
||
| 082 | 0 | 4 |
_a257.1 _qSA-RiAUC |
| 090 |
_aم ن 257.1 _bم ح م |
||
| 100 | 1 |
_aمحمد بيرم، محمد بن حسين بن أحمد، _bالأول، _d1130-1214 هجري _eمؤلف. |
|
| 245 | 1 | 0 |
_aنبذة في بعض القواعد الشرعية المرشدة لحفظ الإدارة الكلية / _cمحمد بيرم الأول. |
| 264 | 1 |
_a[مكان النشر غير محدد] : _bالمطبعة الإعلامية، _c[1889] |
|
| 300 |
_a42 صفحة؛ _b29 سم. |
||
| 300 |
_a42 صفحة ؛ _c28 سم |
||
| 336 |
_aنص _btxt _2rdacontent _3كتاب |
||
| 337 |
_aبدون وسيط _bn _2rdamedia |
||
| 338 |
_aمجلد _bnc _2rdacarrier |
||
| 505 | 0 | _aيحتوي على رسالة في موضوعات الحديث / الصنعاني | |
| 650 | 7 |
_aالنظام السياسي في الإسلام _2aucsh |
|
| 942 |
_2ddc _cRBOOK COPY _n0 |
||
| 949 |
_aSA-JeALM _d260104 _umohamedma123 _n1 |
||
| 999 |
_c14033 _d14033 |
||